| 000 | 00982nam0a2200313 i 4500 | ||
|---|---|---|---|
| 001 | RU\NLR\BIBL_A\010565716 | ||
| 005 | 20240921141431.0 | ||
| 010 |
_a9785917751825 _9300 |
||
| 021 |
_aRU _b14-81656 |
||
| 035 | _a(NILC)RuMoRGB-007575398 | ||
| 035 | _a(NLR Aleph) 010565716 | ||
| 090 |
_a10402206 _c10402206 |
||
| 100 | _a20141215d2014 u y0rusy50 ca | ||
| 101 | 0 | _arus | |
| 102 | _aRU | ||
| 105 | _aa|||z|||000yy | ||
| 200 | 1 |
_aМатематика в школе _eпособие для родителей _fШарапов В. С. |
|
| 210 |
_aМосква _cС&К _d2014 |
||
| 215 |
_a46, [1] с. _cил. _d20 |
||
| 333 | _a18+ | ||
| 606 | 1 |
_aМатематика _9922118 _3RU\NLR\AUTH\6619329 |
|
| 686 | 1 | _aВ10 | |
| 700 | 1 |
_aШарапов _bВ. С. _gВиталий Семенович |
|
| 801 | 0 |
_aRU _bРГБ _c20141029 _gRCR |
|
| 801 | 1 |
_aRU _bРГБ _c20141029 _2rusmarc |
|
| 942 | _cBOOK | ||
| 980 | _aNBR | ||